000 00936nam a2200265Ia 4500
003 OSt
005 20220923213704.0
006 a|||||r|||| 00| 0
007 ta
008 220922b |||||||| |||| 00| 0 hin d
024 _a164,022
037 _cTextual
040 _aARTS
_cARTS
_bhin
041 _2hin
_ahin
082 _aO152,1N193x, L3;L5
100 _aनगेन्द्र
_9156277
245 0 _aआज के लोकप्रिय हिन्दी कवि
_b गिरिजाकुमार माथुर
246 _aĀj ke lokapriya hindī kavi: girijākumār māthura
250 _aसंस्क0 3
260 _aदिल्ली
_b राजपाल एण्ड संस
_c1975
300 _a93 पृ.
_ccm.
650 _aहिन्दी साहित्य
_9156264
942 _hO152,1N193x, L3;L5
_cTEXL
_2CC
999 _c318502
_d318502